Defunct Academy Awards - Statistics

General Stats
  • This quiz has been taken 21 times
  • The average score is 4 of 21
Answer Stats
Description Answer % Correct
1928-1956 Best Original Story
56%
1933-1937 Best Assistant Director
44%
Only awarded at 1st Awards, 1928 Best Title Writing
44%
1936-1966; merged Best Cinematography, Black and White
38%
1935-1937 Best Dance Direction
31%
1948-1966; merged Best Costume Design, Black and White
25%
1963-1980, 1982-1983; various names Best Score - Adaptation or Treatment
25%
1940-1966; merged Best Art Direction, Black and White
19%
Only awarded at 1st Awards, 1928 Best Engineering Effects
19%
1934-1960 Juvenile Academy Award
19%
1940-1966; merged Best Art Direction, Color
13%
1936-1966; merged Best Cinematography, Color
13%
1948-1966; merged Best Costume Design, Color
13%
1995-1998 Best Original Musical or Comedy Score
13%
Only awarded at 1st Awards, 1928 Best Director, Comedy
6%
1935-1942 Best Scoring
6%
1942-1962 Best Scoring of a Musical Picture
0%
1936-1937 Best Short - Color
0%
1936-1956 Best Short - Live Action - 2 Reel
0%
1932-1935 Best Short - Novelty
0%
Only awarded at 1st Awards, 1928 Unique and Artistic Picture
0%
No matching quizzes found
Score Distribution
Percent of People with Each Score
Percentile by Number Answered
Your Score History
You have not taken this quiz